|
|
|
|
| LEADER |
01287nom a2200349 u 4500 |
| 001 |
10090617 |
| 003 |
upatras |
| 005 |
20210422165805.0 |
| 008 |
110802s2010 eng |
| 020 |
|
|
|a 9783642051586
|
| 040 |
|
|
|a GR-PaULI
|c GR-PaULI
|
| 041 |
0 |
|
|a eng
|
| 100 |
1 |
|
|a Feldman, Richard M
|9 94279
|
| 245 |
1 |
0 |
|a Applied Probability and Stochastic Processes
|h [electronic resource]
|c by Richard M. Feldman, Ciriaco Valdez-Flores
|
| 260 |
|
|
|a Berlin, Heidelberg
|b Springer-Verlag Berlin Heidelberg
|c 2010
|
| 300 |
|
|
|b v.: digital
|
| 650 |
|
4 |
|a Engineering
|9 17712
|
| 650 |
|
4 |
|a Computer simulation
|9 18024
|
| 650 |
|
4 |
|a Engineering economy
|9 64276
|
| 650 |
|
4 |
|a Business logistics
|9 17727
|
| 650 |
|
4 |
|a Engineering
|9 17712
|
| 650 |
|
4 |
|a Engineering Economics, Organization, Logistics, Marketing
|9 64278
|
| 650 |
|
4 |
|a Production/Logistics
|9 64282
|
| 650 |
|
4 |
|a Simulation and Modeling
|9 64718
|
| 650 |
|
4 |
|a Στατιστική φυσική
|9 4437
|
| 700 |
1 |
|
|a Valdez-Flores, Ciriaco
|9 94280
|
| 710 |
2 |
|
|a SpringerLink (Online service)
|9 68735
|
| 852 |
|
|
|a GR-PaULI
|b ΠΑΤΡΑ
|b ΒΚΠ
|
| 856 |
4 |
0 |
|u http://dx.doi.org/10.1007/978-3-642-05158-6
|
| 942 |
|
|
|2 ddc
|
| 952 |
|
|
|0 0
|1 0
|4 0
|7 0
|9 98531
|a LISP
|b LISP
|d 2016-04-24
|l 0
|r 2016-04-24 00:00:00
|w 2016-04-24
|y ERS
|
| 999 |
|
|
|c 66317
|d 66317
|